export_success — 

Organs-On-chips for the Pharmaceutical Development Process : Design Perspectives and Implementations.

Bibliographic Details
Main Author: Christoffersson, Jonas.
Format: eBook
Language:English
Published: Linköping : Linkopings Universitet, 2018.
Edition:1st ed.
Series:Linköping Studies in Science and Technology. Dissertations Series
Subjects:
Online Access:Click to View
LEADER 02019nam a22003853i 4500
001 EBC5309974
003 MiAaPQ
005 20240729202202.0
006 m o d |
007 cr cnu||||||||
008 240729s2018 xx o ||||0 eng d
020 |a 9789176853597  |q (electronic bk.) 
035 |a (MiAaPQ)EBC5309974 
035 |a (Au-PeEL)EBL5309974 
035 |a (CaPaEBR)ebr11552323 
035 |a (OCoLC)1034622125 
040 |a MiAaPQ  |b eng  |e rda  |e pn  |c MiAaPQ  |d MiAaPQ 
100 1 |a Christoffersson, Jonas. 
245 1 0 |a Organs-On-chips for the Pharmaceutical Development Process :  |b Design Perspectives and Implementations. 
250 |a 1st ed. 
264 1 |a Linköping :  |b Linkopings Universitet,  |c 2018. 
264 4 |c {copy}2018. 
300 |a 1 online resource (91 pages) 
336 |a text  |b txt  |2 rdacontent 
337 |a computer  |b c  |2 rdamedia 
338 |a online resource  |b cr  |2 rdacarrier 
490 1 |a Linköping Studies in Science and Technology. Dissertations Series ;  |v v.1907 
505 0 |a Intro -- Abstract -- Populärvetenskaplig sammanfattning -- List of Publications -- Table of Contents -- 1. Introduction -- 2. The cell and the cell environment -- 3. The organ-on-a-chip -- 4. Methods -- 5. Conclusion and further perspectives -- 6. Summary of the papers -- 7. Acknowledgments -- 8. References -- Papers. 
588 |a Description based on publisher supplied metadata and other sources. 
590 |a Electronic reproduction. Ann Arbor, Michigan : ProQuest Ebook Central, 2024. Available via World Wide Web. Access may be limited to ProQuest Ebook Central affiliated libraries.  
655 4 |a Electronic books. 
776 0 8 |i Print version:  |a Christoffersson, Jonas  |t Organs-On-chips for the Pharmaceutical Development Process  |d Linköping : Linkopings Universitet,c2018 
797 2 |a ProQuest (Firm) 
830 0 |a Linköping Studies in Science and Technology. Dissertations Series 
856 4 0 |u https://ebookcentral.proquest.com/lib/matrademy/detail.action?docID=5309974  |z Click to View